000 00364nam a2200133 a 4500
005 20140414131853.0
008 100807s19uu xx 00 eng d
050 _aM 510.7
_bR82 1983
100 _aRucker, Walter
245 _aHealth mathematics.
260 _aLexington, Massachusetts :
_bDC Health and Company,
_c1983.
650 _aMathematics
999 _c110272
_d110272